000 00295nam a22001337a 4500
008 180301b xxu||||| |||| 00| 0 eng d
020 _a0860781836
041 _aeng
080 _a941
100 _a16
101 _aHIS
245 _aFrom Paracelsus to Van Helmont
_cPagel, W
942 _2udc
_cBK
999 _c43883
_d43883